Bassins fluviaux d'Europe - Carte Quiz - Statistiques

Statistiques générales
  • Ce quiz a été pris 552 fois
  • Le résultat moyen est 18 sur 40
Réponses sur la Carte
Les réponses sont colorées sur une échelle allant du rouge au vert en fonction du pourcentage des utilisateurs qui les ont devinées à leur premier essai. Vous pouvez retrouver ces pourcentages ci-dessous.
 
Statistiques - réponses
Réponse % Correct
Loire
94%
Rhône
94%
Seine
91%
Garonne
89%
Rhin
89%
Tamise
88%
Danube
86%
77%
Tibre
69%
Adour
66%
Escaut
65%
Meuse
65%
Volga
65%
Dniepr
58%
Tage
50%
Guadalquivir
49%
Elbe
47%
Vistule
46%
Severn
44%
Douro
42%
Don
39%
Ebre
35%
Neva
34%
Oder
34%
Dniestr
33%
Göta älv
33%
Daugava
22%
Weser
22%
Guadiana
18%
Glomma
17%
Júcar
17%
Narva
17%
Maritsa
15%
Niémen
15%
Strymon
13%
Kouban
11%
Vardar
10%
Kouma
9%
Boug Méridional
8%
Terek
6%
Aucun quiz correspondant
Distribution des résultats
% des personnes avec chaque résultat
Percentile par nombre de réponses
Votre historique - résultats
Vous n’avez pas pris ce quiz